000 00299nam a2200121Ia 4500
008 191201s2016 xx 000 0 und d
100 _aKANETKAR, Yashavant
245 0 _aLet us C Solutions
250 _a14th Rev
260 _c2016
_bBPB Publication
_aNEW DELHI
300 _a452
942 _2ddc
_cBK
_015
999 _c7969
_d7969